01459nam a2200301 a 450000100100000000500170001000800410002704000250006808200180009310000240011124501690013526000920030430000280039649000460042465000320047065000200050265000290052265000320055170000270058370000430061070000470065383000550070004900090075595201220076495201270088695201270101399900170114000002391320200930022551.0110117s1973 ck a r 000 0 spa d aDO-SdBNPbspacBNPHU a515.63bH873a1 aHsu, Hwei P.94918610aAnálisis vectorial /cHwei P. Hsu ; editor Raj Mehra ; versión en español de Hernando Alfonso Castillo con la colaboración de Alejandro Montes Gómez Daza. aMéxico :bCentro Regional de Ayuda Técnica,bFondo Educativo Interamericano,c1973. a286 p. :bil. ;c28 cm.1 aTeoría y problemas con soluciónv2946 4aAnálisis vectorial949187 4aVectores949188 4aAlgebra vectorial949189 4aEspacios vectoriales9491901 aMehra, Rajeed.9491911 aAlfonso Castillo, Hernandoetr.9491921 aGómez Daza, Alejandro Montesetr.949193 0aTeoría y problemas con solución ;v2946949194 aBNGR 001054708MOaGRbGRcCTd2011-01-17iLF1l0o515.63 H873ap23913-10r2020-06-25w2020-06-25y4ZPréstamo en sala 001054728MOaGRbGRcCTd2011-01-17iLF1l0o515.63 H873ap23913-20r2020-06-25te.2w2020-06-25y4ZPréstamo en sala 001054708MOaGRbGRcCTd2011-01-17iLF1l0o515.63 H873ap23913-30r2020-06-25te.3w2020-06-25y4ZPréstamo en sala c23409d23409